MARC details
| 000 -LIDER |
| fixed length control field |
04602nam a22005775i 4500 |
| 001 - NÚMERO DE CONTROL |
| control field |
978-3-319-66887-1 |
| 003 - IDENTIFICADOR DEL NÚMERO DE CONTROL |
| control field |
DE-He213 |
| 005 - FECHA Y HORA DE LA ULTIMA TRANSACCIÓN |
| control field |
20210201191506.0 |
| 007 - CAMPO FIJO DE DESCRIPCION FIJA-- INFORMACION GENERAL |
| fixed length control field |
cr nn 008mamaa |
| 008 - ELEMENTOS DE LONGITUD FIJA -- INFORMACIÓN GENERAL |
| fixed length control field |
171025s2018 gw | s |||| 0|eng d |
| 020 ## - NÚMERO INTERNACIONAL NORMALIZADO PARA LIBROS |
| International Standard Book Number |
9783319668871 |
| -- |
978-3-319-66887-1 |
| 050 #4 - SIGNATURA TOPOGRAFICA DE LA BIBLIOTECA DEL CONGRESO |
| Classification number |
TA357-359 |
| 072 #7 - CODIGO DE CATEGORIA TEMATICA |
| Subject category code |
TGMF |
| Source |
bicssc |
| 072 #7 - CODIGO DE CATEGORIA TEMATICA |
| Subject category code |
TEC009070 |
| Source |
bisacsh |
| 072 #7 - CODIGO DE CATEGORIA TEMATICA |
| Subject category code |
TGMF |
| Source |
thema |
| 082 04 - NUMERO DE CLASIFICACION DECIMAL DEWEY |
| Classification number |
620.1064 |
| Edition number |
23 |
| 245 10 - MENCION DE TITULO |
| Title |
Mixing and Dispersion in Flows Dominated by Rotation and Buoyancy |
| Medium |
[electronic resource] / |
| Statement of responsibility, etc. |
edited by Herman J.H. Clercx, GertJan F. Van Heijst. |
| 250 ## - MENCION DE EDICION |
| Edition statement |
1st ed. 2018. |
| 264 #1 - |
| -- |
Cham : |
| -- |
Springer International Publishing : |
| -- |
Imprint: Springer, |
| -- |
2018. |
| 300 ## - DESCRIPCION FISICA |
| Extent |
IX, 218 p. 112 illus., 47 illus. in color. |
| Other physical details |
online resource. |
| 336 ## - |
| -- |
text |
| -- |
txt |
| -- |
rdacontent |
| 337 ## - |
| -- |
computer |
| -- |
c |
| -- |
rdamedia |
| 338 ## - |
| -- |
online resource |
| -- |
cr |
| -- |
rdacarrier |
| 347 ## - |
| -- |
text file |
| -- |
PDF |
| -- |
rda |
| 490 1# - MENCION DE SERIE |
| Series statement |
CISM International Centre for Mechanical Sciences, Courses and Lectures, |
| International Standard Serial Number |
0254-1971 ; |
| Volume/sequential designation |
580 |
| 500 ## - NOTA GENERAL |
| General note |
Acceso multiusuario |
| 505 0# - NOTA DE CONTENIDO CON FORMATO PREESTABLECIDO |
| Formatted contents note |
Effects of rotation and stratification: an introduction -- Turbulence and mixing in flows dominated by buoyancy -- Mixing in stratified lakes and reservoirs -- Energy balance in stably-stratified, wall-bounded turbulence -- Some aspects of Lagrangian dynamics of turbulence -- Gravity and turbidity currents: numerical simulations and theoretical models -- Transport phenomena in rotating turbulence. |
| 520 ## - NOTA DE RESUMEN, ETC. |
| Summary, etc. |
The book presents a state-of-the-art overview of current developments in the field in a way accessible to attendees coming from a variety of fields. Relevant examples are turbulence research, (environmental) fluid mechanics, lake hydrodynamics and atmospheric physics. Topics discussed range from the fundamentals of rotating and stratified flows, mixing and transport in stratified or rotating turbulence, transport in the atmospheric boundary layer, the dynamics of gravity and turbidity currents eventually with effects of background rotation or stratification, mixing in (stratified) lakes, and the Lagrangian approach in the analysis of transport processes in geophysical and environmental flows. The topics are discussed from fundamental, experimental and numerical points of view. Some contributions cover fundamental aspects including a number of the basic dynamical properties of rotating and or stratified (turbulent) flows, the mathematical description of these flows, some applications in the natural environment, and the Lagrangian statistical analysis of turbulent transport processes and turbulent transport of material particles (including, for example, inertial and finite-size effects). Four papers are dedicated to specific topics such as transport in (stratified) lakes, transport and mixing in the atmospheric boundary layer, mixing in stratified fluids and dynamics of turbidity currents. The book is addressed to doctoral students and postdoctoral researchers, but also to academic and industrial researchers and practicing engineers, with a background in mechanical engineering, applied physics, civil engineering, applied mathematics, meteorology, physical oceanography or physical limnology. |
| 541 ## - NOTA DE FUENTE INMEDIATA DE ADQUISICION |
| Owner |
UABC ; |
| Method of acquisition |
Temporal ; |
| Date of acquisition |
01/01/2021-12/31/2023. |
| 650 #0 - ASIENTO SECUNDARIO DE MATERIA - TERMINO TEMATICO |
| Término temático o nombre geográfico como elemento de entrada |
Fluid mechanics. |
| 650 #0 - ASIENTO SECUNDARIO DE MATERIA - TERMINO TEMATICO |
| Término temático o nombre geográfico como elemento de entrada |
Fluids. |
| 650 #0 - ASIENTO SECUNDARIO DE MATERIA - TERMINO TEMATICO |
| Término temático o nombre geográfico como elemento de entrada |
Atmospheric sciences. |
| 650 14 - ASIENTO SECUNDARIO DE MATERIA - TERMINO TEMATICO |
| Término temático o nombre geográfico como elemento de entrada |
Engineering Fluid Dynamics. |
| -- |
https://scigraph.springernature.com/ontologies/product-market-codes/T15044 |
| 650 24 - ASIENTO SECUNDARIO DE MATERIA - TERMINO TEMATICO |
| Término temático o nombre geográfico como elemento de entrada |
Fluid- and Aerodynamics. |
| -- |
https://scigraph.springernature.com/ontologies/product-market-codes/P21026 |
| 650 24 - ASIENTO SECUNDARIO DE MATERIA - TERMINO TEMATICO |
| Término temático o nombre geográfico como elemento de entrada |
Atmospheric Sciences. |
| -- |
https://scigraph.springernature.com/ontologies/product-market-codes/G36000 |
| 700 1# - ASIENTO SECUNDARIO - NOMBRE PERSONAL |
| Personal name |
Clercx, Herman J.H. |
| Relator term |
editor. |
| Relator code |
edt |
| -- |
http://id.loc.gov/vocabulary/relators/edt |
| 700 1# - ASIENTO SECUNDARIO - NOMBRE PERSONAL |
| Personal name |
Van Heijst, GertJan F. |
| Relator term |
editor. |
| Relator code |
edt |
| -- |
http://id.loc.gov/vocabulary/relators/edt |
| 710 2# - ASIENTO SECUNDARIO - NOMBRE CORPORATIVO |
| Corporate name or jurisdiction name as entry element |
SpringerLink (Online service) |
| 773 0# - ASIENTO DE ITEM FUENTE |
| Title |
Springer Nature eBook |
| 776 08 - ASIENTO DE SOPORTE FISICO ADICIONAL |
| Relationship information |
Printed edition: |
| International Standard Book Number |
9783319668864 |
| 776 08 - ASIENTO DE SOPORTE FISICO ADICIONAL |
| Relationship information |
Printed edition: |
| International Standard Book Number |
9783319668888 |
| 776 08 - ASIENTO DE SOPORTE FISICO ADICIONAL |
| Relationship information |
Printed edition: |
| International Standard Book Number |
9783319883380 |
| 830 #0 - ASIENTO SECUNDARIO DE SERIE--TITULO UNIFORME |
| Uniform title |
CISM International Centre for Mechanical Sciences, Courses and Lectures, |
| -- |
0254-1971 ; |
| Volume number/sequential designation |
580 |
| 856 40 - LOCALIZACION Y ACCESO ELECTRONICOS |
| Public note |
Libro electrónico |
| Uniform Resource Identifier |
http://148.231.10.114:2048/login?url=https://doi.org/10.1007/978-3-319-66887-1 |
| 912 ## - |
| -- |
ZDB-2-ENG |
| 912 ## - |
| -- |
ZDB-2-SXE |
| 942 ## - ADDED ENTRY ELEMENTS (KOHA) |
| Koha item type |
Libro Electrónico |